| 000 | 00657cam a22002413a 4500 | ||
|---|---|---|---|
| 001 | 41968 | ||
| 003 | PGUSA | ||
| 005 | 20140828083939.0 | ||
| 008 | 130202s2013||||xxu|||||s|||||000 | eng d | ||
| 040 |
_aPGUSA _beng |
||
| 042 | _adc | ||
| 100 | 1 | _aDeharme, Ernest | |
| 245 | 1 | 0 |
_aLes Merveilles de la Locomotion _h[electronic resource] / _cErnest Deharme |
| 260 |
_bProject Gutenberg, _c2013 |
||
| 506 | _aPublic domain in the USA. | ||
| 516 | _aElectronic text | ||
| 700 | 1 | _aBonnafoux, B. | |
| 700 | 1 | _aMarie, A. | |
| 700 | 1 | _aJahandier, A. | |
| 830 | 0 |
_aProject Gutenberg _v41968 |
|
| 856 | 4 | 0 | _uhttp://www.gutenberg.org/ebooks/41968 |
| 942 | _cEB | ||
| 999 |
_c271220 _d271220 |
||